01589nam a2200265 a 4500001001000000003000900010005001700019007000300036008004100039040002500080082002200105100002600127245009400153260003800247300004500285500004300330504003300373505001500406505067700421650005601098650004801154650004801202650003201250700004101282000035949DO-SdBNP20240229073921.0ta111121s1999 dr ac gr 001 0dspa d aDO-SdBNPbspacBNPHU 4a781.63bB333h2221 aBatista Matos, Carlos10aHistoria y evolución del merengue /cCarlos Batista Matos; prólogo, Andrés L. Mateo aSanto Domigo :b[BANINTER],c1999 a348 p. :bil., retrs., fotogr. ;c23 cm. aIncluye datos biográficos del autor. aBibliografía: p. 344- 346  aPrólogo. aIntroducción.tEl origen.--tMerengue típico.--tConjunto típico.--tEl genio de Luis Alberti o la venganza de Trujillo.--tLa big band.--tLos aportes del rey.--tLa revolución de Johnny Ventura.--tEl Combo Show tEl sonido beduino.--tRegresan los Caballos.--tEl merengue melódico.--tLa mujer en el merengue.--tLa revolución electrónica.--tEl fenómeno de Juan Luis Guerra.--tEl sonido Coco Band.--tIndustria & Estudios.--tPuerto Rico se rinde.--tEl boom del merengue en Puerto Rico.--tQué sabe del merengue.--tBiografías.--tLos merengues del siglo XX.--tOrquestas del siglo XX.-- tArreglos orquestales.tBiografías.--tBibliografía. 4aMúsica popular zRepública DominicanaxHistoria 4aMerengue xHistoriazRepública Dominicana 4aMerengue (música)zRepública Dominicana 4aMúsica popular dominicana1 aMateo, Andrés L.,d 1946-epról.